00563nam a22001577a 450000500170000002000430001702000190006010000170007924500640009626000690016027000820022930000310031149000240034250000190036670000200038520120119120134.0 a9788179933725c570.00 (set of 6 books) a9788179934197  aBagai, Shona aAll about beaks /cby Shona Bagai; edited by Anupama Jauhry aNew DelhibThe Energy and Resources Institute, TERI Press,c2011 aDarbari Seth Block, IHC Complex, Lodhi RoadbNew Delhie110003k26482100/4150 a22pbill (col)c26cm (Pbk) aDesigned to survive aset of 6 books aJauhry, Anupama